000 00716nam a2200241Ia 4500
003 OSt
005 20220926034340.0
006 a|||||r|||| 00| 0
007 ta
008 220923b |||||||| |||| 00| 0 eng d
037 _cGeneral Book
040 _aRTL
_cRTL
_beng
041 _2eng
_aeng
082 _aX61.1aN97, N8
110 _aInternational Monetary Fund
_9318517
245 0 _aResearch activities of the International Monetary
260 _aWashington
_bInternational Monetary Fund U. S. A.
_c1998
300 _a83p.
_ccm.
650 _aEconomics-Money
_928470
700 _aInternational Monetary Fund
_9318518
942 _hX61.1aN97, N8
_cGB
_2CC
999 _c659296
_d659296